Art as Tradition = Kunst als Tradition : Anatolia

Αποθηκεύτηκε σε:
Λεπτομέρειες βιβλιογραφικής εγγραφής
Μορφή: Βιβλίο
Γλώσσα:German
English
Δημοσίευση: Muenchen : Hirmer, 1995
Θέματα:
Ετικέτες: Προσθήκη ετικέτας
Δεν υπάρχουν, Καταχωρήστε ετικέτα πρώτοι!

MARC

LEADER 00000nam a2200000 i 4500
001 1/79060
008 980210s1995 ger d
020 |a 3-7774-6820-7 
035 |a 1997  |b 3  |c Αγορά/Σκούρτου  |l 10033083 
040 |a GR-MY-UA  |b gre  |e aacr 
041 0 |a ger  |a eng 
082 0 |a 746.7584 
245 1 0 |a Art as Tradition =  |b Kunst als Tradition : Anatolia 
260 |a Muenchen :   |b Hirmer,   |c 1995 
300 |a 151 p. 
500 |a Exhibition of 100 historic kilims and pile carpets. Donation of Rainer Kreissl. Prague, Prague Castle, Summer 1995. 
600 1 0 |a Kreissl Rainer  |x Art collections  |x Exhibitions. 
650 0 0 |a Rugs, Oriental  |x Private collections  |z Czech Republic  |z Prague  |x Exhibitions. 
650 0 0 |a Rugs, Oriental  |z Turkey  |x Exhibitions. 
650 0 0 |a Carpets  |z Turkey  |x Exhibitions. 
650 0 0 |a Kilims  |x Exhibitions. 
852 |a INST  |b RHODES  |e 19980210  |h 746.7584 ART  |p 005400005542  |q 005400005542  |t BK  |y 0 
901 |a BIBL-1998-1 
909 |a Ρ  |b 052238  |c 1997 
922 |a 4ΕΛΗ  |b 199712  |c 27/ΣΚΟΥΡΤΟΥ